| Поле | Инд. | ПП | Название | Значение |
|---|---|---|---|---|
| Тип записи | a | |||
| Библиографический уровень | m | |||
| 001 | Контрольный номер | RU/LIBMSTU/262345732 | ||
| 005 | Дата корректировки | 20190515105235.7 | ||
| 020 | 00 | a | ISBN | 5-9265-0187-3 |
| c | Цена, тираж | 100-00 | ||
| 084 | a | Индекс другой классификации/Индекс ББК | 63.3(2)622,013 | |
| 090 | 00 | a | Полочн. индекс | 63.3(2)622 |
| x | Авторский знак | О-80 | ||
| 245 | 00 | a | Заглавие | От солдата до генерала. Воспоминания о войне |
| n | Номер части/ раздела | Т. 5 | ||
| c | Ответственность | Акад. ист. наук | ||
| 260 | 00 | a | Место издания | Москва |
| b | Издательство | Алгоритм | ||
| c | Дата издания | 2005 | ||
| 300 | 00 | a | Объем | 606, [1] с. |
| 650 | _4 | a | Основная рубрика | Великая Отечественная война, 1941-1945-Воспоминания и записки |
| 653 | 00 | a | Ключевые слова | Великая Отечественная война 1941-1945 гг. |
| a | Ключевые слова | Воспоминания | ||
| a | Ключевые слова | Вторая мировая война 1939-1945 гг. | ||
| a | Ключевые слова | Мемуары | ||
| 901 | t | Тип документа | m | |
| 990 | 00 | f | Даты поступлений (DOS) | 10.05 |